| 000 | 00352nam a2200109Ia 4500 | ||
|---|---|---|---|
| 008 | 171204s9999 xx 000 0 und d | ||
| 245 | _aAutomated Transit: Planning, Operation, and Applications | ||
| 245 | _cRongfang Liu | ||
| 260 | _c2016 | ||
| 650 | _xTransportation Operation Management | ||
| 856 | _uhttp://down.ebook777.com/029/978-1-118-89100-1.pdf | ||
| 999 |
_c346723 _d346723 |
||